000
00296nam a22001337a 4500
008
170511b xxu||||| |||| 00| 0 eng d
020
_a
0130275662
041
_a
eng
080
_a
34
100
_a
15
101
_a
SHJ
245
_a
AMERICAN LAW AND LEGAL SYSTEMS
_c
CALVI, J.V
942
_2
udc
_c
BK
999
_c
13247
_d
13247